00340nam a2200121 450000500170000010000500001724500390006726400250010630000170013133600220014833700240017033800240019420260530113855.01 aMuseo casa estudio Diego Rivera y Frida Kahlo10aDiego y Frida te invitan a su Casa 1bCONACULTA INBAc1998 a80 páginas atexto2rdacontent asin medio2rdamedia avolumen2rdacarrier